|
|
|
|
| LEADER |
00751nam a22002172a 4500 |
| 001 |
000411913 |
| 003 |
CZ BrMZK |
| 005 |
19990307143423.0 |
| 008 |
990307s1980 xr f cze d |
| 040 |
|
|
|a BOA001
|b cze
|
| 041 |
1 |
|
|a cze
|a chi
|
| 100 |
1 |
|
|a Vochala, Jaromír,
|d 1927-
|7 jk01150312
|
| 245 |
1 |
0 |
|a Základní kurs současné čínštiny.
|n Díl 4, audioorální kurs /
|c Jaromír Vochala, Žu-čen Vochalová
|
| 250 |
|
|
|a 1. vyd.
|
| 260 |
|
|
|a Praha :
|b SPN,
|c 1980
|
| 300 |
|
|
|a 235 s.
|
| 700 |
1 |
|
|a Vochalová, Žu-čen,
|d 1934-1998
|7 jk01150314
|
| 910 |
|
|
|a BOA001
|b PK-N-0022.219,4
|
| 964 |
|
|
|a Čínština - texty vysokoškolské
|
| 990 |
|
|
|a BK
|
| 996 |
7 |
|
|b 3119823585
|c PK-N-0022.219/4
|l MZK
|r Sklad / do 1 hodiny
|n 4
|w 000411913
|u 000010
|a 1
|e BOA001
|j MZK50
|s A
|